Conversational Chinese dialogues (Record no. 3119)

MARC details
000 -CABECERA
campo de control de longitud fija 00853nam a2200277Ia 4500
001 - NÚMERO DE CONTROL
campo de control 3285
008 - DATOS DE LONGITUD FIJA--INFORMACIÓN GENERAL
campo de control de longitud fija 230305s2020 xx 000 0 und d
020 ## - NÚMERO INTERNACIONAL ESTÁNDAR DEL LIBRO
Número Internacional Estándar del Libro 9781951949051
040 ## - FUENTE DE LA CATALOGACIÓN
Centro/agencia transcriptor tbs
041 ## - CÓDIGO DE LENGUA
Código de lengua del texto/banda sonora o título independiente eng
043 ## - CÓDIGO DE ÁREA GEOGRÁFICA
Código de área geográfica en_UK
245 #0 - MENCIÓN DE TÍTULO
Título Conversational Chinese dialogues
260 ## - PUBLICACIÓN, DISTRIBUCIÓN, ETC.
Nombre del editor, distribuidor, etc. Lingo Mastery,
Fecha de publicación, distribución, etc. 2020
300 ## - DESCRIPCIÓN FÍSICA
Extensión 331 pages ; 25 cm
490 ## - MENCIÓN DE SERIE
Mención de serie Conversational Chinese Dual Language Books;
Designación de volumen o secuencia 1
500 ## - NOTA GENERAL
Nota general over 100 Chinese conversations and short stories
650 #0 - PUNTO DE ACCESO ADICIONAL DE MATERIA--TÉRMINO DE MATERIA
Término de materia o nombre geográfico como elemento de entrada Chinese language
Subdivisión general Study and teaching
-- English speakers
9 (RLIN) 13573
650 #0 - PUNTO DE ACCESO ADICIONAL DE MATERIA--TÉRMINO DE MATERIA
Término de materia o nombre geográfico como elemento de entrada Chinese language
Subdivisión general Conversation and phrase books
-- English
9 (RLIN) 13574
650 ## - PUNTO DE ACCESO ADICIONAL DE MATERIA--TÉRMINO DE MATERIA
Término de materia o nombre geográfico como elemento de entrada Mandarin language materials
Subdivisión general Bilingual
9 (RLIN) 13575
650 ## - PUNTO DE ACCESO ADICIONAL DE MATERIA--TÉRMINO DE MATERIA
Término de materia o nombre geográfico como elemento de entrada Chinese language
9 (RLIN) 13570
700 ## - ENTRADA AGREGADA--NOMBRE PERSONAL
Nombre de persona Touri (Firm),
Término indicativo de función/relación Autor
9 (RLIN) 22254
902 ## - ELEMENTOS DE DATOS B LOCAL, LDB (RLIN)
a 1640
905 ## - ELEMENTOS DE DATOS E LOCAL, LDE (RLIN)
a m
942 ## - ELEMENTOS DE ENTRADA AGREGADA (KOHA)
Código de la institución [OBSOLETO] 1
Fuente del sistema de clasificación o colocación Clasificación Decimal Dewey
Holdings
Estado de retiro Estado de pérdida Fuente del sistema de clasificación o colocación Estado dañado No para préstamo Biblioteca de origen Biblioteca actual Ubicación en estantería Fecha de adquisición Total de préstamos Signatura topográfica completa Código de barras Fecha visto por última vez Precio válido a partir de Tipo de ítem Koha
    Clasificación Decimal Dewey     TBS Barcelona TBS Barcelona Libre acceso 11/11/2022   P-CHI LEARN LIN B04082 11/11/2022 05/03/2023 Book

Powered by Koha